|
|
|
|
| LEADER |
00000nab a2200000 a 4500 |
| 001 |
vtls000530724 |
| 003 |
SK-MaSNL |
| 005 |
20260304083933.0 |
| 008 |
250425c1994 xo 0 slo |
| 015 |
|
|
|a SNBRB19rr/mm-uuuuu
|
| 035 |
|
|
|a CL0530862
|
| 035 |
|
|
|a urn:nbn:sk:snk-abbopj
|
| 035 |
|
|
|a (urnnbn)urn:nbn:sk:snk:ar-a09uih
|
| 035 |
|
|
|a (uuid)b6405e9a-3b02-4c13-8dec-41230cae0705
|
| 040 |
|
|
|a SNKBUCL
|b slo
|c SNKBUCL
|e AACR2
|
| 041 |
0 |
|
|a slo
|
| 044 |
|
|
|a xo
|c SK
|
| 080 |
|
|
|a 534.1.01:519.6:539
|2 1981
|
| 080 |
|
|
|a 519.6
|2 1981
|
| 080 |
|
|
|a 539
|2 1981
|
| 100 |
1 |
|
|a Markuš, Štefan,
|d 1936-
|4 aut
|9 115986
|
| 245 |
1 |
0 |
|a Elastické vlny v hrubostenných vrstvených transverzálne izotropných valcových škrupinách
|c Štefan Markuš, Tibor Nánási
|
| 300 |
|
|
|b Grafy 12, sch. 1, tab. 1, res. angl., lit. 5 zázn. v angl., češ., slov.
|
| 650 |
0 |
7 |
|a škrupiny valcové izotropné transverzálne vrstvené hrubostenné
|2 snkbucl
|9 1375561
|
| 650 |
0 |
7 |
|a vlny elastické
|2 snkbucl
|9 1358311
|
| 655 |
|
7 |
|a články z novín a časopisov
|2 snkbucl
|9 267496
|
| 700 |
1 |
|
|a Nánási, Tibor
|4 aut
|9 7234
|
| 773 |
0 |
|
|t Strojnícky časopis
|g Roč. 45, č. 5 (1994), s. 381-390
|x 0039-2472
|
| 850 |
|
|
|a Slovenská národná knižnica
|
| 852 |
|
|
|a Slovenská národná knižnica
|
| 954 |
|
|
|a odborná, vedecká literatúra pôvodná (slovenská)
|2 lita
|
| 958 |
|
|
|a article15
|
| 958 |
|
|
|a OND
|
| 958 |
|
|
|a NB
|
| 958 |
|
|
|a RK
|
| 958 |
|
|
|a EUIPO
|
| 992 |
|
|
|a RBX
|
| 999 |
|
|
|c 2801713
|d 2803643
|